000 00469nam a2200121Ia 4500
008 220620s9999||||xx |||||||||||||| ||und||
100 _aJose C. Jimenez-Lopez
245 0 _aCytoskeleton - Structure, Dynamics, Function and Disease
546 _aEnglish[eng]
650 _aLife Sciences||Microbiology||Genetics and Molecular Biology||Cytology||Biochemistry
856 _uhttps://www.intechopen.com/books/cytoskeleton-structure-dynamics-function-and-disease
942 _cEB
999 _c24613
_d24613